|
|
|
|
| LEADER |
00000cam a2200000 7i4500 |
| 001 |
0000065479 |
| 005 |
20160817.0 |
| 008 |
160817 |
| 020 |
|
|
|a 9679276929
|
| 020 |
|
|
|a 9789679276923
|
| 090 |
0 |
0 |
|a JAW
|
| 245 |
0 |
0 |
|a Hadiah untuk raja (1)
|
| 260 |
|
|
|a Kuala Lumpur :
|b Penerbitan Fargoes Sdn. Bhd ,
|c 1996
|
| 300 |
|
|
|a [s.n.] :
|b col., ill ;
|c 25.6cm.
|
| 490 |
1 |
|
|a Siri keikhlasan budi
|
| 500 |
|
|
|a Children ages 7-9 years old (orange)
|
| 650 |
|
0 |
|a Jawi
|
| 999 |
|
|
|a 0000441640
|b Book
|c Children Collection
|e Cawangan Pontian
|
| 999 |
|
|
|a 0000766418
|b Book
|c Children Collection
|e Cawangan Bandar Penawar
|
| 999 |
|
|
|a 0000766421
|b Book
|c Children Collection
|e Cawangan Bandar Penawar
|
| 999 |
|
|
|a 0000774903
|b Book
|c Children Collection
|e Cawangan Pontian
|
| 999 |
|
|
|a 0000774904
|b Book
|c Children Collection
|e Cawangan Pontian
|
| 999 |
|
|
|a 0000774905
|b Book
|c Children Collection
|e Cawangan Pontian
|
| 999 |
|
|
|a 0000774906
|b Book
|c Children Collection
|e Cawangan Pontian
|
| 999 |
|
|
|a 0000788064
|b Book
|c Children Collection
|e Cawangan Segamat
|
| 999 |
|
|
|a 0000788066
|b Book
|c Children Collection
|e Cawangan Segamat
|
| 999 |
|
|
|a 0001214898
|b Book
|c Children Collection
|e Cawangan Taman Universiti
|
| 999 |
|
|
|a 0001214899
|b Book
|c Children Collection
|e Cawangan Tangkak
|
| 999 |
|
|
|a 0001214900
|b Book
|c Children Collection
|e Cawangan Bukit Gambir
|
| 999 |
|
|
|a 0001214908
|b Book
|c Children Collection
|e Cawangan Taman Universiti
|
| 999 |
|
|
|a 0001214909
|b Book
|c Children Collection
|e Cawangan Segamat
|
| 999 |
|
|
|a 0001214910
|b Book
|c Children Collection
|e Cawangan Tmn. Ungku Tun Aminah
|
| 999 |
|
|
|a 0001214911
|b Book
|c Children Collection
|e Cawangan Pontian
|